1517 1555 1028 1103 1355 1215 1081 1706 1913 1677 1788 1304 1264 1308 1735 1921 1307 1972 1767 1908 1854 1029 1425 1655 1966 1146 1535 1591 1399 1646 1623 1385 1041 1266 1432 1930 1297 1220 1695 1059 1206 1414 1657 1540 1903 1189 1753 1457 1932 1602 1898 1649 1492 1917 1744 1847 1182 1692 1264 1895 1418 1694 1659 1965 1873 1955 1099 1965 1473 1778 1858 1166 1885 1879 1090 1316 1857 1679 1159 1105 1209 1803 1664 1900 1650 1353 1301 1548 1378 1335 1199 1978 1661 1571 1299 1854 1737 1818 1424 BCNSPRNW ULIB Ver.6.0+V

เปลี่ยนเป็นภาษาไทย

Change to English
 แสดงรายละเอียดบรรณานุกรม
  กลับหน้าหลัก

Brief Record : Get Marc (ISO 2709) : E-mail record : QR code < ปิดหน้าต่าง
LEADER : 00000nam 2200000uu 4500
001    13399125620
003     ULIB
008    170711s2559||||th 000 0 tha d
020    ^a9786161810481
060  0 ^aQV766^bร135ป
100 0  ^aรติชา ปภานุพัทธ์
245 00 ^aประโยชน์มหัศจรรย์: มะกรูด /^cรติชา ปภานุพัทธ์
260    ^aกรุงเทพฯ :^bอมรินทร์เฮลท์ อมรินทร์พริ้นติ้งแอนด์พับลิชชิ่ง,^c2559
300    ^a84 หน้า ;^c19 ซม.
650  0 ^aมะกรูด^xสมุนไพร^yการดูแลสุขภาพด้วยมะกรูด^zการรักษาโรค
945    ^p0^l0^i002575
945    ^p0^l0^i002576
999    ^aประนอม เกษจรัล
รายการนี้ยังไม่มีแท็ก
คุณยังไม่ได้ล็อกอิน คุณสามารถมีกิจกรรมร่วมกับเว็บไซต์ได้ แต่ต้องล็อกอินก่อน ::
  ล็อกอิน

รายการสื่อสารสนเทศ

ลำดับที่ ประเภท เลขเรียก/บาร์โค้ด สถานที่ สถานะ
1. วิทยาศาสตร์การแพทย์ และสุขภาพ
วิทยาศาสตร์การแพทย์ และสุขภาพ
สถานะ=หนังสือเก่า
QV766 ร135ป ฉ.1 
  Barcode: 002575
ห้องสมุดวิทยาเขตสวรรค์ประชารักษ์
►ส่วนจัดเก็บหนังสือเก่า สปร
บนชั้น
  ขอยืม
2. วิทยาศาสตร์การแพทย์ และสุขภาพ
วิทยาศาสตร์การแพทย์ และสุขภาพ
สถานะ=หนังสือเก่า
QV766 ร135ป ฉ.2 
  Barcode: 002576
ห้องสมุดวิทยาเขตสวรรค์ประชารักษ์
►ส่วนจัดเก็บหนังสือเก่า สปร
บนชั้น
  ขอยืม

รายการใกล้เคียง
    ผู้แต่ง [รติชา ปภานุพัทธ์]

BibComment


ยังไม่เคยถูกคอมเมนท์

คอมเมนท์ทรัพยากรรายการนี้
  คอมเมนท์: ประโยชน์มหัศจรรย..


 Copyright 2026. Bcnsprnw @Library